An introduction to soil mechanics and foundations

Bibliographic Details
Main Author: Scott, C. R.
Format: Book
Published: London : Applied Science , 1980
Edition:3rd ed.
Subjects:

MARC

LEADER 00000cam a2200000 7i4500
001 0000009004
005 20170105.0
020 |a 0853348731 
040 |a INS 
090 0 0 |a TA775   |b S38 1980 
100 1 |a Scott, C. R. 
245 1 3 |a An introduction to soil mechanics and foundations   |c by C. R. Scott 
250 |a 3rd ed. 
260 |a London :   |b Applied Science ,   |c 1980 
300 |a 406p. ;   |c 22cm. 
650 0 0 |a Foundations   |x Design and construction 
650 0 0 |a Soil mechanics 
999 |a 0000024238   |b BOOK   |c Open Shelf   |e Default branch